000 00529nam a22001817a 4500
999 _c157892
_d157892
005 20181008112816.0
010 _aENG-124205
020 _c195.00
_a9789350579152
035 _aEN-107737
037 _bDBAD/PUB
082 _a618.2
100 _aHanda, Parvesh
245 _aThe journey......of pregancy /
_bby Parvesh Handa
260 _aNew Delhi
_bV&S Publishers
_c2017
270 _aF-2/16, Ansari Road, Daryaganj
_bNew Delhi
_e110002
300 _a95p.
_c21cm(pbk)
_bill.
942 _2ddc
_cEN
_mHAN
_h618.2